Evaluación del efecto de las condiciones de operación en la síntesis de ácido láctico a partir de glicerol mediante catálisis heterogénea en fase gas
Gorde:
| Egile nagusia: | |
|---|---|
| Beste egile batzuk: | |
| Formatua: | Liburua |
| Hizkuntza: | Spanish |
| Argitaratua: |
San José, Costa Rica
2020
|
| Gaiak: | |
| Etiketak: |
Etiketa erantsi
Etiketarik gabe, Izan zaitez lehena erregistro honi etiketa jartzen!
|
MARC
| LEADER | 00000nam a2200000Ia 4500 | ||
|---|---|---|---|
| 003 | 013336 | ||
| 005 | 20230327083004.0 | ||
| 008 | 140116s2020 cr a 000 ||spa d | ||
| 040 | |c cru CEDI | ||
| 090 | |a TFG 8487 | ||
| 100 | |a Alvarado Zúñiga, Brian, 1993- |9 45 | ||
| 245 | |a Evaluación del efecto de las condiciones de operación en la síntesis de ácido láctico a partir de glicerol mediante catálisis heterogénea en fase gas | ||
| 260 | |a San José, Costa Rica |c 2020 | ||
| 500 | |a Proyecto de graduación (licenciatura en ingeniería química)--Universidad de Costa Rica. Facultad de Ingeniería. Escuela de Ingeniería Química | ||
| 501 | |a Directora de Proyecto de Graduación: Ing. Bárbara Miranda Morales, PhD | ||
| 650 | |x REACCIONES QUIMICAS |x GLICERINA - PRODUCCION |x ACIDO LACTICO - PRODUCCION |x CATALISIS HETEROGENEAS |x CATALIZADORES - EVALUACION |x GLICERINA - PRODUCTOS DERIVADOS |x TERMODINAMICA | ||
| 700 | |9 10 |a Miranda Morales, Bárbara Cristina, 1983- |d Directora del TFG | ||
| 942 | |c CEDI |h TFG 8487 |2 ddc |6 TFG_8487_000000000000000 | ||
| 999 | |c 21838 |d 21838 | ||
